Welcome to WEB OPAC of MRSPTU Central Library

Functional Properties, Bioactive Compounds and Antioxidant Properties in Fortified Biscuits Prepared Using Different Concentrations of Beetroot Peel (Record no. 11377)

MARC details
000 -LEADER
fixed length control field 00658nam a22001697a 4500
003 - CONTROL NUMBER IDENTIFIER
control field OSt
005 - DATE AND TIME OF LATEST TRANSACTION
control field 20260407164359.0
008 - FIXED-LENGTH DATA ELEMENTS--GENERAL INFORMATION
fixed length control field 260407b |||||||| |||| 00| 0 eng d
040 ## - CATALOGING SOURCE
Transcribing agency MRSPTU
041 ## - LANGUAGE CODE
Language code of text/sound track or separate title English
100 ## - MAIN ENTRY--PERSONAL NAME
Personal name Revulapally Sumathi, Supervisor: Dr. Kawaljit Singh Sandhu
245 ## - TITLE STATEMENT
Title Functional Properties, Bioactive Compounds and Antioxidant Properties in Fortified Biscuits Prepared Using Different Concentrations of Beetroot Peel
260 ## - PUBLICATION, DISTRIBUTION, ETC.
Name of publisher, distributor, etc. Department of Food Science & Technology, MRSPTU, Bathinda
Date of publication, distribution, etc. 2022
650 ## - SUBJECT ADDED ENTRY--TOPICAL TERM
Topical term or geographic name entry element Food Science & Technology
856 ## - ELECTRONIC LOCATION AND ACCESS
Uniform Resource Identifier <a href="http://163.47.215.52:8080/jspui/handle/123456789/517">http://163.47.215.52:8080/jspui/handle/123456789/517</a>
942 ## - ADDED ENTRY ELEMENTS (KOHA)
Source of classification or shelving scheme Dewey Decimal Classification
Koha item type Theses & Dissertations
Suppress in OPAC No

No items available.


Website Designed and Developed by MRSPTU Central Library Team

E-mail Id: librarian@mrsptu.ac.in